000 00988nam a22002537a 4500
005 20170124102956.0
010 _aA-648484
020 _c50.00
_a8170161592
035 _aA-648484
037 _bCen Lib/Ret
040 _aDPL
_bHN
082 _a
_bमिथिले
100 _aमिथिलेश्वर
_943304
245 _aएक थे प्रो.बी.लाल /
_cमिथिलेश्वर
246 _aEk the Pro. B.Lal /
_bby Mithileshwar
260 _bकिताबघर
_aनयी दिल्ली
_c1993
270 _bनयी दिल्ली
_a24, अंसारी रोड, दरयागंज
_e110002
300 _a141पृ.
_c16सेमी(सजिल्द )
650 _aहिंदी साहित्य
_x
_z
_953192
650 _aहिंदी कहानियां
_92082
650 _aHindi literature
_953193
650 _aHindi stories
_953194
942 _2ddc
_cHN
_h
_mमिथिले
999 _c113642
_d113642